Missing Word: Alec Guinness A-Z Quiz Stats

Quiz Updated Feb 3, 2016

Challenge
Share
Tweet
Embed
Score 0/23 Timer 03:00
0 Plays Today
Movie Word % Correct
Lawrence of ______Arabia
99.3%
Star Wars: VI: Return of the ____Jedi
97.4%
The Bridge on the _____ KwaiRiver
96.4%
______ TwistOliver
94.3%
A Run for ____ MoneyYour
93.4%
Baker's _____Dozen
93%
Star Wars IV: A ___ HopeNew
92.1%
The _____ of the Roman EmpireFall
91.2%
A Passage to _____India
90%
Brother Sun, ______ MoonSister
89.7%
Doctor _______Zhivago
86%
Great ____________Expectations
80%
Movie Word % Correct
Little ____ FauntleroyLord
78.6%
Our ___ in Havana Man
64.7%
Barnacle ____Bill
61.6%
The Man in the _____ SuitWhite
61.2%
____ Hearts and CoronetsKind
55.8%
______ and CleopatraCaesar
41.6%
Raise the _______Titanic
40.2%
To _____ with LoveParis
36.5%
Tunes Of _____Glory
23.3%
A _______ of DustHandful
23%
The _______ MemorandumQuiller
12%

Today's Daily Dose

Word Ladder
Summertime

On This Day
June 23rd II

You're not logged in!

Compare scores with friends on all Sporcle quizzes.
Join for Free
OR
Log In

You Might Also Like...

Show Comments

Extras

Top Quizzes Today


Score Distribution

Your Account Isn't Verified!

In order to create a playlist on Sporcle, you need to verify the email address you used during registration. Go to your Sporcle Settings to finish the process.

Report this User

Report this user for behavior that violates our Community Guidelines.

Details: